BASIC ANATOMY AND PHYSIOLOGY (Record no. 8899)

MARC details
000 -LEADER
fixed length control field 00429nam a22001697a 4500
005 - DATE AND TIME OF LATEST TRANSACTION
control field 20251010115904.0
008 - FIXED-LENGTH DATA ELEMENTS--GENERAL INFORMATION
fixed length control field 251008b |||||||| |||| 00| 0 eng d
020 ## - INTERNATIONAL STANDARD BOOK NUMBER
ISBN 978-93-6059-279-0
041 ## - LANGUAGE CODE
Language code of text/sound track or separate title eng
082 ## - DEWEY DECIMAL CLASSIFICATION NUMBER
Classification number 612JAI-B
100 ## - MAIN ENTRY--AUTHOR NAME
Personal name JAIN, DR. A.K AND SURI, PROF. R.K
245 ## - TITLE STATEMENT
Title BASIC ANATOMY AND PHYSIOLOGY
260 ## - PUBLICATION, DISTRIBUTION, ETC. (IMPRINT)
Place of publication DELHI
Name of publisher ARYA PUBLISHING
300 ## - PHYSICAL DESCRIPTION
Number of Pages 334;P
650 ## - SUBJECT ADDED ENTRY--TOPICAL TERM
Topical Term PARAMEDICAL
942 ## - ADDED ENTRY ELEMENTS (KOHA)
Koha item type Books
Holdings
Lost status Damaged status Collection code Home library Current library Date acquired Source of acquisition Cost, normal purchase price Serial Enumeration / chronology Full call number Accession Number Koha item type Shelving location
    PARAMEDICAL JRU Library JRU Library 08/10/2025 PURCHASE 695.00 LBI/000780. DATE-4-10-2025 612 28971 Books  
    PARAMEDICAL JRU Library JRU Library 08/10/2025 PURCHASE 695.00 LBI/000780. DATE-4-10-2025 612 28972 Books SHELF-105-B
    PARAMEDICAL JRU Library JRU Library 08/10/2025 PURCHASE 695.00 LBI/000780. DATE-4-10-2025 612 28973 Books SHELF-28-D
    PARAMEDICAL JRU Library JRU Library 08/10/2025 PURCHASE 695.00 LBI/000780. DATE-4-10-2025 612 28974 Books SHELF-28-D
    PARAMEDICAL JRU Library JRU Library 08/10/2025 PURCHASE 695.00 LBI/000780. DATE-4-10-2025 612 28975 Books SHELF-105-B